000
00284nam a2200109 a 4500
008
101213s2008|||| d
245
1
0
_a
Studia Bibliographica Posoniensia I/2008
260
_b
Univerzitná knižnica
_a
Bratislava
_c
2008
020
_c
10
041
_a
slo
044
_a
xo
_c
SK
999
_c
15163
_d
15163